000 00332nam a22001337a 4500
008 170810b xxu||||| |||| 00| 0 eng d
020 _a9780071496629
041 _aeng
080 _a004
100 _a35
101 _aSHKI
245 _aPEOPLESOFT DEVELOPER'S GUIDE FOR PEOPLE TOOLS & PEOPLE CODE
_cDOOLITTLE, J
942 _2udc
_cBK
999 _c23154
_d23154